{"text_format":"3","workbook":"xlsx","n_sheets":1,"sheets":["t393"],"read":"whole","date_system":"1900"}

{"sheet":"t393","index":0,"n_rows":197,"n_cols":7,"rows_kept":197,"merged":[[0,0,0,6],[30,0,30,5],[48,0,48,5],[163,0,163,5]]}
["TABELA 393.1 - Estatísticas Agrícolas, Município de Palmital, Estado de São Paulo, 2007/08."]
["ITEM","UNIDADE","N.DE UPAs","MÍNIMO","MÉDIO","MÁXIMO","TOTAL"]
["Distância à sede do município","km",{"v":1375,"d":"1,375"},{"v":0,"d":"0.0"},10.7,{"v":27,"d":"27.0"},"-"]
["Área total","hectare",{"v":1375,"d":"1,375"},0.4,{"v":36.11,"d":"36.1"},825.4,{"v":49654.9,"d":"49,654.9"}]
["Área com cultura perene","hectare",76,0.2,{"v":5.38,"d":"5.4"},{"v":50,"d":"50.0"},{"v":409,"d":"409.0"}]
["Área com cultura temporária","hectare",{"v":1285,"d":"1,285"},0.2,{"v":33.66,"d":"33.7"},782.9,{"v":43250.7,"d":"43,250.7"}]
["Área com pastagem","hectare",372,0.1,{"v":7.46,"d":"7.5"},{"v":356,"d":"356.0"},{"v":2776.9,"d":"2,776.9"}]
["Área com reflorestamento","hectare",73,0.1,{"v":1.88,"d":"1.9"},19.3,137.4]
["Área com vegetação natural","hectare",610,0.1,2.4,{"v":58,"d":"58.0"},{"v":1463.5,"d":"1,463.5"}]
["Área com vegetação de brejo e várzea","hectare",240,0.1,{"v":2.22,"d":"2.2"},24.2,532.4]
["Área em descanso","hectare",14,0.2,{"v":15.59,"d":"15.6"},{"v":180,"d":"180.0"},218.3]
["Área complementar","hectare",779,0.1,{"v":1.11,"d":"1.1"},48.4,866.7]
["Área das UPAs com (0, 1] ha","hectare",4,0.4,{"v":0.48,"d":"0.5"},0.6,1.9]
["Área das UPAs com (1, 2] ha","hectare",30,1.1,{"v":1.43,"d":"1.4"},{"v":2,"d":"2.0"},42.9]
["Área das UPAs com (2, 5] ha","hectare",181,2.1,{"v":3.91,"d":"3.9"},{"v":5,"d":"5.0"},706.9]
["Área das UPAs com (5, 10] ha","hectare",214,5.2,7.8,{"v":10,"d":"10.0"},{"v":1669.2,"d":"1,669.2"}]
["Área das UPAs com (10, 20] ha","hectare",364,10.2,{"v":14.49,"d":"14.5"},19.9,{"v":5275.4,"d":"5,275.4"}]
["Área das UPAs com (20, 50] ha","hectare",370,20.3,{"v":30.88,"d":"30.9"},49.6,{"v":11425.3,"d":"11,425.3"}]
["Área das UPAs com (50, 100] ha","hectare",122,50.3,{"v":67.57,"d":"67.6"},{"v":99,"d":"99.0"},{"v":8243,"d":"8,243.0"}]
["Área das UPAs com (100, 200] ha","hectare",49,{"v":103,"d":"103.0"},{"v":148.84,"d":"148.8"},{"v":199,"d":"199.0"},{"v":7293.3,"d":"7,293.3"}]
["Área das UPAs com (200, 500] ha","hectare",36,204.2,{"v":320.44,"d":"320.4"},{"v":490,"d":"490.0"},{"v":11535.9,"d":"11,535.9"}]
["Área das UPAs com (500, 1.000] ha","hectare",5,522.7,{"v":692.22,"d":"692.2"},825.4,{"v":3461.1,"d":"3,461.1"}]
["Área das UPAs com (1.000, 2.000] ha","hectare","-","-","-","-","-"]
["Área das UPAs com (2.000, 5.000] ha","hectare","-","-","-","-","-"]
["Área das UPAs com (5.000, 10.000] ha","hectare","-","-","-","-","-"]
["Área das UPAs acima de 10.000 ha","hectare","-","-","-","-","-"]
["Familiares do proprietário que trabalham na UPA","unidade",{"v":1132,"d":"1,132"},{"v":1,"d":"1.0"},{"v":1.54,"d":"1.5"},{"v":5,"d":"5.0"},{"v":1738,"d":"1,738.0"}]
["Trabalhadores permanentes","unidade",204,{"v":1,"d":"1.0"},{"v":2.67,"d":"2.7"},{"v":95,"d":"95.0"},{"v":545,"d":"545.0"}]
["Fonte: Secretaria de Agricultura e Abastecimento, CDRS/IEA, Projeto LUPA."]
[]
["TABELA 393.2 - Explorações Animais, Município de Palmital, Estado de São Paulo, 2007/08."]
["ITEM","UNIDADE","N.DE UPAs","MÍNIMO","MÉDIO","MÁXIMO","TOTAL"]
["Asininos E Muares","cabeças",39,{"v":1,"d":"1.0"},{"v":1.36,"d":"1.4"},{"v":4,"d":"4.0"},{"v":53,"d":"53.0"}]
["Avestruzes e Ema (Criadouro)","cabeças",1,{"v":2,"d":"2.0"},{"v":2,"d":"2.0"},{"v":2,"d":"2.0"},{"v":2,"d":"2.0"}]
["Avicultura de Corte","cabeças/ano",44,{"v":4,"d":"4.0"},{"v":22.11,"d":"22.1"},{"v":65,"d":"65.0"},{"v":973,"d":"973.0"}]
["Avicultura para Ovos","cabeças",59,{"v":4,"d":"4.0"},{"v":1092.15,"d":"1,092.2"},{"v":35000,"d":"35,000.0"},{"v":64437,"d":"64,437.0"}]
["Bovinocultura de Corte","cabeças",21,{"v":1,"d":"1.0"},{"v":79.57,"d":"79.6"},{"v":620,"d":"620.0"},{"v":1671,"d":"1,671.0"}]
["Bovinocultura Leiteira","cabeças",79,{"v":2,"d":"2.0"},{"v":18.71,"d":"18.7"},{"v":140,"d":"140.0"},{"v":1478,"d":"1,478.0"}]
["Bovinocultura Mista","cabeças",167,{"v":1,"d":"1.0"},{"v":10.22,"d":"10.2"},{"v":80,"d":"80.0"},{"v":1707,"d":"1,707.0"}]
["Bubalinocultura","cabeças",2,{"v":1,"d":"1.0"},1.5,{"v":2,"d":"2.0"},{"v":3,"d":"3.0"}]
["Caprinocultura","cabeças",5,{"v":2,"d":"2.0"},8.4,{"v":15,"d":"15.0"},{"v":42,"d":"42.0"}]
["Carcinocultura","pós-larvas",1,{"v":20,"d":"20.0"},{"v":20,"d":"20.0"},{"v":20,"d":"20.0"},{"v":20,"d":"20.0"}]
["Equinocultura","cabeças",146,{"v":1,"d":"1.0"},1.7,{"v":9,"d":"9.0"},{"v":248,"d":"248.0"}]
["Ovinocultura","cabeças",44,{"v":3,"d":"3.0"},51.8,{"v":870,"d":"870.0"},{"v":2279,"d":"2,279.0"}]
["Piscicultura","m² tanques",20,{"v":372,"d":"372.0"},{"v":17673.6,"d":"17,673.6"},{"v":100000,"d":"100,000.0"},{"v":353472,"d":"353,472.0"}]
["Suinocultura","cabeças",105,{"v":1,"d":"1.0"},{"v":28.98,"d":"29.0"},{"v":415,"d":"415.0"},{"v":3043,"d":"3,043.0"}]
["Fonte: Secretaria de Agricultura e Abastecimento, CDRS/IEA, Projeto LUPA."]
[]
["TABELA 393.3 -  Máquinas, Implementos e Benfeitorias, Município de Palmital, Estado de São Paulo, 2007/08."]
["ITEM","UNIDADE","N.DE UPAs","MÍNIMO","MÉDIO","MÁXIMO","TOTAL"]
["Arado Comum (Bacia, Aiveca)","Unidade",135,{"v":1,"d":"1.0"},1.2,{"v":4,"d":"4.0"},{"v":162,"d":"162.0"}]
["Arado Escarificador","Unidade",173,{"v":1,"d":"1.0"},{"v":1.57,"d":"1.6"},{"v":5,"d":"5.0"},{"v":271,"d":"271.0"}]
["Arado Subsolador","Unidade",96,{"v":1,"d":"1.0"},{"v":1.32,"d":"1.3"},{"v":5,"d":"5.0"},{"v":127,"d":"127.0"}]
["Batedeira de Cereais","Unidade",13,{"v":1,"d":"1.0"},{"v":1,"d":"1.0"},{"v":1,"d":"1.0"},{"v":13,"d":"13.0"}]
["Câmara Fria","Unidade",1,{"v":1,"d":"1.0"},{"v":1,"d":"1.0"},{"v":1,"d":"1.0"},{"v":1,"d":"1.0"}]
["Carregadeira de Cana","Unidade",7,{"v":1,"d":"1.0"},{"v":3.14,"d":"3.1"},{"v":6,"d":"6.0"},{"v":22,"d":"22.0"}]
["Colhedeira Acoplada","Unidade",1,{"v":1,"d":"1.0"},{"v":1,"d":"1.0"},{"v":1,"d":"1.0"},{"v":1,"d":"1.0"}]
["Colhedeira Automotriz","Unidade",120,{"v":1,"d":"1.0"},{"v":1.35,"d":"1.4"},{"v":5,"d":"5.0"},{"v":162,"d":"162.0"}]
["Computador","Unidade",5,{"v":1,"d":"1.0"},{"v":2,"d":"2.0"},{"v":5,"d":"5.0"},{"v":10,"d":"10.0"}]
["Conj.Irrigação Autopropelido","Unidade",1,{"v":1,"d":"1.0"},{"v":1,"d":"1.0"},{"v":1,"d":"1.0"},{"v":1,"d":"1.0"}]
["Conj.Irrigação Convencional","Unidade",2,{"v":1,"d":"1.0"},{"v":2,"d":"2.0"},{"v":3,"d":"3.0"},{"v":4,"d":"4.0"}]
["Conj.Irrigação Pivot Central","Unidade",3,{"v":1,"d":"1.0"},{"v":1.33,"d":"1.3"},{"v":2,"d":"2.0"},{"v":4,"d":"4.0"}]
["Conj.Irrigação/Gotejamento/Microaspersão","Unidade",3,{"v":1,"d":"1.0"},{"v":1.67,"d":"1.7"},{"v":3,"d":"3.0"},{"v":5,"d":"5.0"}]
["Conjunto de Fenação","Unidade",3,{"v":1,"d":"1.0"},{"v":1,"d":"1.0"},{"v":1,"d":"1.0"},{"v":3,"d":"3.0"}]
["Desintegrador de Palha (Plantio Direto)","Unidade",50,{"v":1,"d":"1.0"},{"v":1.04,"d":"1.0"},{"v":2,"d":"2.0"},{"v":52,"d":"52.0"}]
["Desintegrador, Picador, Triturador","Unidade",182,{"v":1,"d":"1.0"},{"v":1.04,"d":"1.0"},{"v":3,"d":"3.0"},{"v":189,"d":"189.0"}]
["Distribuidor de Calcário","Unidade",92,{"v":1,"d":"1.0"},{"v":1.21,"d":"1.2"},{"v":15,"d":"15.0"},{"v":111,"d":"111.0"}]
["Ensiladeira","Unidade",15,{"v":1,"d":"1.0"},{"v":1.13,"d":"1.1"},{"v":2,"d":"2.0"},{"v":17,"d":"17.0"}]
["Grade Aradora (Tipo Romi)","Unidade",164,{"v":1,"d":"1.0"},{"v":1.26,"d":"1.3"},{"v":4,"d":"4.0"},{"v":206,"d":"206.0"}]
["Grade Niveladora","Unidade",163,{"v":1,"d":"1.0"},{"v":1.31,"d":"1.3"},{"v":6,"d":"6.0"},{"v":214,"d":"214.0"}]
["Implementos para Tração Animal","Unidade",11,{"v":1,"d":"1.0"},{"v":1.45,"d":"1.5"},{"v":3,"d":"3.0"},{"v":16,"d":"16.0"}]
["Máquina de Classificar Ovo","Unidade",1,{"v":1,"d":"1.0"},{"v":1,"d":"1.0"},{"v":1,"d":"1.0"},{"v":1,"d":"1.0"}]
["Microtrator","Unidade",7,{"v":1,"d":"1.0"},{"v":1.14,"d":"1.1"},{"v":2,"d":"2.0"},{"v":8,"d":"8.0"}]
["Misturador de Ração","Unidade",22,{"v":1,"d":"1.0"},{"v":1,"d":"1.0"},{"v":1,"d":"1.0"},{"v":22,"d":"22.0"}]
["Ordenhadeira Mecânica","Unidade",2,{"v":1,"d":"1.0"},{"v":1,"d":"1.0"},{"v":1,"d":"1.0"},{"v":2,"d":"2.0"}]
["Pulverizador Tratorizado","Unidade",251,{"v":1,"d":"1.0"},{"v":1.37,"d":"1.4"},{"v":8,"d":"8.0"},{"v":344,"d":"344.0"}]
["Resfriador de Leite, Tanque Expansão","Unidade",2,{"v":1,"d":"1.0"},{"v":1,"d":"1.0"},{"v":1,"d":"1.0"},{"v":2,"d":"2.0"}]
["Roçadeira Costal","Unidade",3,{"v":1,"d":"1.0"},{"v":1.33,"d":"1.3"},{"v":2,"d":"2.0"},{"v":4,"d":"4.0"}]
["Roçadeira Tratorizada","Unidade",10,{"v":1,"d":"1.0"},{"v":1,"d":"1.0"},{"v":1,"d":"1.0"},{"v":10,"d":"10.0"}]
["Semeadeira/Adubadeira para Plantio Convencional","Unidade",120,{"v":1,"d":"1.0"},{"v":1.37,"d":"1.4"},{"v":4,"d":"4.0"},{"v":164,"d":"164.0"}]
["Semeadeira/Plantadeira Plantio Direto","Unidade",207,{"v":1,"d":"1.0"},1.6,{"v":6,"d":"6.0"},{"v":332,"d":"332.0"}]
["Terraceador","Unidade",36,{"v":1,"d":"1.0"},{"v":1.22,"d":"1.2"},{"v":3,"d":"3.0"},{"v":44,"d":"44.0"}]
["Trator de Pneus","Unidade",316,{"v":1,"d":"1.0"},2.4,{"v":13,"d":"13.0"},{"v":758,"d":"758.0"}]
["Açude/Represa","Unidade",66,{"v":1,"d":"1.0"},{"v":1.23,"d":"1.2"},{"v":3,"d":"3.0"},{"v":81,"d":"81.0"}]
["Alambique","Unidade",3,{"v":1,"d":"1.0"},{"v":1,"d":"1.0"},{"v":1,"d":"1.0"},{"v":3,"d":"3.0"}]
["Almoxarifado/Oficina","Unidade",50,{"v":1,"d":"1.0"},{"v":1,"d":"1.0"},{"v":1,"d":"1.0"},{"v":50,"d":"50.0"}]
["Armazém para Grãos Ensacados","Sacas",15,{"v":1,"d":"1.0"},{"v":7366.93,"d":"7,366.9"},{"v":80000,"d":"80,000.0"},{"v":110504,"d":"110,504.0"}]
["Balança para Bovinos","Unidade",3,{"v":1,"d":"1.0"},{"v":1,"d":"1.0"},{"v":1,"d":"1.0"},{"v":3,"d":"3.0"}]
["Balança para Veículos","Unidade",11,{"v":1,"d":"1.0"},{"v":1.18,"d":"1.2"},{"v":2,"d":"2.0"},{"v":13,"d":"13.0"}]
["Barracão para Bicho da Seda/Sirgaria","Unidade",1,{"v":2,"d":"2.0"},{"v":2,"d":"2.0"},{"v":2,"d":"2.0"},{"v":2,"d":"2.0"}]
["Barracão para Granja/Avicultura","Unidade",9,{"v":1,"d":"1.0"},{"v":8.56,"d":"8.6"},{"v":26,"d":"26.0"},{"v":77,"d":"77.0"}]
["Barracão/Galpão/Garagem","Unidade",430,{"v":1,"d":"1.0"},{"v":1.22,"d":"1.2"},{"v":4,"d":"4.0"},{"v":526,"d":"526.0"}]
["Casa de Moradia Habitada","Unidade",461,{"v":1,"d":"1.0"},{"v":1.48,"d":"1.5"},{"v":20,"d":"20.0"},{"v":683,"d":"683.0"}]
["Casa de Moradia Total","Unidade",661,{"v":1,"d":"1.0"},{"v":1.68,"d":"1.7"},{"v":32,"d":"32.0"},{"v":1111,"d":"1,111.0"}]
["Curral/Mangueira","Unidade",231,{"v":1,"d":"1.0"},{"v":1.02,"d":"1.0"},{"v":2,"d":"2.0"},{"v":235,"d":"235.0"}]
["Depósito/Tulha","Unidade",365,{"v":1,"d":"1.0"},{"v":1.07,"d":"1.1"},{"v":4,"d":"4.0"},{"v":392,"d":"392.0"}]
["Engenho","Unidade",5,{"v":1,"d":"1.0"},{"v":1,"d":"1.0"},{"v":1,"d":"1.0"},{"v":5,"d":"5.0"}]
["Estábulo","Unidade",78,{"v":1,"d":"1.0"},{"v":1,"d":"1.0"},{"v":1,"d":"1.0"},{"v":78,"d":"78.0"}]
["Estufa/Plasticultura","m²",3,{"v":1,"d":"1.0"},{"v":3400.33,"d":"3,400.3"},{"v":10000,"d":"10,000.0"},{"v":10201,"d":"10,201.0"}]
["Fábrica de Farinha","Unidade",3,{"v":1,"d":"1.0"},{"v":1,"d":"1.0"},{"v":1,"d":"1.0"},{"v":3,"d":"3.0"}]
["Fábrica de Ração","Unidade",3,{"v":1,"d":"1.0"},{"v":1,"d":"1.0"},{"v":1,"d":"1.0"},{"v":3,"d":"3.0"}]
["Instalações para Equinos","Unidade",3,{"v":1,"d":"1.0"},{"v":3,"d":"3.0"},{"v":6,"d":"6.0"},{"v":9,"d":"9.0"}]
["Máquina de Benefício","Unidade",3,{"v":1,"d":"1.0"},{"v":1,"d":"1.0"},{"v":1,"d":"1.0"},{"v":3,"d":"3.0"}]
["Olaria","Unidade",2,{"v":1,"d":"1.0"},{"v":1,"d":"1.0"},{"v":1,"d":"1.0"},{"v":2,"d":"2.0"}]
["Packing House","Unidade",2,{"v":1,"d":"1.0"},1.5,{"v":2,"d":"2.0"},{"v":3,"d":"3.0"}]
["Pocilga","Unidade",133,{"v":1,"d":"1.0"},1.2,{"v":10,"d":"10.0"},{"v":160,"d":"160.0"}]
["Poço Semi-Artesiano","Unidade",201,{"v":1,"d":"1.0"},{"v":1.04,"d":"1.0"},{"v":4,"d":"4.0"},{"v":210,"d":"210.0"}]
["Secador de Grãos","Unidade",14,{"v":1,"d":"1.0"},{"v":1.07,"d":"1.1"},{"v":2,"d":"2.0"},{"v":15,"d":"15.0"}]
["Silo para Grãos","t",18,{"v":1,"d":"1.0"},{"v":3204.33,"d":"3,204.3"},{"v":36000,"d":"36,000.0"},{"v":57678,"d":"57,678.0"}]
["Silo para Silagem","t",26,{"v":1,"d":"1.0"},{"v":3237.5,"d":"3,237.5"},{"v":80000,"d":"80,000.0"},{"v":84175,"d":"84,175.0"}]
["Terreiro","m²",126,{"v":1,"d":"1.0"},{"v":248.57,"d":"248.6"},{"v":6000,"d":"6,000.0"},{"v":31320,"d":"31,320.0"}]
["Usina de Açúcar/destilaria","Unidade",3,{"v":1,"d":"1.0"},{"v":1,"d":"1.0"},{"v":1,"d":"1.0"},{"v":3,"d":"3.0"}]
["Fonte: Secretaria de Agricultura e Abastecimento, CDRS/IEA, Projeto LUPA."]
[]
["TABELA 393.4 - Outras Estatísticas Agrícolas, Município de Palmital, Estado de São Paulo, 2007/08."]
["ITEM","Número de UPAs",null,"Percentual"]
["Faz Parte de Associação de Produtores",224,null,{"v":16.27906976744186,"d":"16.3"}]
["Faz Parte de Cooperativa de Produtores",918,null,{"v":66.71511627906976,"d":"66.7"}]
["Faz Parte do Sindicato de Produtores",838,null,{"v":60.901162790697676,"d":"60.9"}]
["Não utiliza assistência técnica ",457,null,{"v":33.21220930232558,"d":"33.2"}]
["Utiliza somente assistência técnica governamental ",402,null,{"v":29.21511627906977,"d":"29.2"}]
["Utiliza somente assistência técnica privada ",133,null,{"v":9.665697674418604,"d":"9.7"}]
["Utiliza assistência técnica tanto governamental quanto privada",383,null,{"v":27.834302325581397,"d":"27.8"}]
["Utiliza Crédito Rural",578,null,{"v":42.00581395348837,"d":"42.0"}]
["Utiliza Seguro Rural",227,null,{"v":16.497093023255815,"d":"16.5"}]
["Utiliza Escrituração Agrícola",806,null,{"v":58.575581395348834,"d":"58.6"}]
["Acessa Internet p/ Fins na Agropecuária",90,null,{"v":6.540697674418605,"d":"6.5"}]
["Utiliza Computador nas Atividades Agropecuárias",100,null,{"v":7.267441860465117,"d":"7.3"}]
["Utiliza Energia Elétrica Para Uso na Atividade Agrícola",693,null,{"v":50.36337209302325,"d":"50.4"}]
["Realiza Análise de Solo, quando necessário",{"v":1251,"d":"1,251"},null,{"v":90.9156976744186,"d":"90.9"}]
["Utiliza Práticas de Conservação de Solo, quando necessário",{"v":1325,"d":"1,325"},null,{"v":96.29360465116278,"d":"96.3"}]
["Faz Adubação Mineral, quando necessário",{"v":1298,"d":"1,298"},null,{"v":94.3313953488372,"d":"94.3"}]
["Faz Adubação Orgânica, quando necessário",93,null,{"v":6.758720930232559,"d":"6.8"}]
["Faz Adubação Verde, quando necessário",13,null,{"v":0.9447674418604651,"d":"0.9"}]
["Utiliza Manejo Integrado de Pragas (MIP)","-",null,"-"]
["Utiliza Hidroponia","-",null,"-"]
["Utiliza Plasticultura",9,null,{"v":0.6540697674418605,"d":"0.7"}]
["Utiliza Mudas Fiscalizadas",407,null,{"v":29.57848837209302,"d":"29.6"}]
["Utiliza Semente Melhorada",582,null,{"v":42.29651162790698,"d":"42.3"}]
["Faz Confinamento de Bovinos",8,null,{"v":0.5813953488372093,"d":"0.6"}]
["Utiliza Pastejo Intensivo",260,null,{"v":18.8953488372093,"d":"18.9"}]
["Faz Inseminação Artificial",12,null,{"v":0.872093023255814,"d":"0.9"}]
["Faz Mineralização do Rebanho",288,null,{"v":20.930232558139533,"d":"20.9"}]
["Faz Vermifugação do Rebanho",296,null,{"v":21.511627906976745,"d":"21.5"}]
["Possui Parceiros /Arrendatários na Exploração Animal",64,null,{"v":4.651162790697675,"d":"4.7"}]
["Esporte e lazer","-",null,"-"]
["Extração mineral","-",null,"-"]
["Hotel Fazenda, Pousada ou SPA","-",null,"-"]
["Pesque-pague","-",null,"-"]
["Restaurante ou Lanchonete",2,null,{"v":0.14534883720930233,"d":"0.1"}]
["Transformação artesanal","-",null,"-"]
["Turismo rural ou ecoturismo","-",null,"-"]
["Outras atividades econômicas rurais",6,null,{"v":0.43604651162790703,"d":"0.4"}]
["Agroindústria",1,null,{"v":0.07267441860465117,"d":"0.1"}]
["Proprietário sem instrução ou com instrução incompleta",55,null,{"v":3.9970930232558137,"d":"4.0"}]
["Proprietário com antigo primário completo",747,null,{"v":54.28779069767442,"d":"54.3"}]
["Proprietário com 1° grau (ou antigo ginasial) completo",160,null,{"v":11.627906976744187,"d":"11.6"}]
["Proprietário com 2° grau (ou antigo colegial) completo",234,null,{"v":17.00581395348837,"d":"17.0"}]
["Proprietário com curso superior completo ",162,null,{"v":11.773255813953488,"d":"11.8"}]
["Pessoa Jurídica",17,null,{"v":1.2354651162790697,"d":"1.2"}]
["Proprietário residente na própria UPA ",161,null,{"v":11.700581395348838,"d":"11.7"}]
["Fonte: Secretaria de Agricultura e Abastecimento, CDRS/IEA, Projeto LUPA."]
[]
["TABELA 393.5 - Área Cultivada, Município de Palmital, Estado de São Paulo, 2007/08."]
["CULTURA","N.DE UPAs","MÍNIMO","MÉDIO","MÁXIMO","TOTAL"]
["Cana-de-acucar",748,0.2,{"v":32.54,"d":"32.5"},684.6,{"v":24336.5,"d":"24,336.5"}]
["Soja",499,{"v":1,"d":"1.0"},{"v":31.87,"d":"31.9"},{"v":484,"d":"484.0"},{"v":15903.5,"d":"15,903.5"}]
["Milho Safrinha",487,{"v":1,"d":"1.0"},{"v":27.91,"d":"27.9"},{"v":484,"d":"484.0"},{"v":13593.1,"d":"13,593.1"}]
["Mandioca",121,{"v":1,"d":"1.0"},{"v":17.39,"d":"17.4"},{"v":486,"d":"486.0"},{"v":2104.7,"d":"2,104.7"}]
["Trigo",24,2.4,{"v":82.47,"d":"82.5"},{"v":340,"d":"340.0"},{"v":1979.2,"d":"1,979.2"}]
["Braquiaria",138,0.1,{"v":14.04,"d":"14.0"},{"v":323,"d":"323.0"},{"v":1937.6,"d":"1,937.6"}]
["Milho",58,0.3,{"v":23.67,"d":"23.7"},{"v":218,"d":"218.0"},{"v":1372.6,"d":"1,372.6"}]
["Outras gramineas para pastagem",183,0.1,{"v":3,"d":"3.0"},{"v":18,"d":"18.0"},548.2]
["Banana",66,0.2,{"v":5.85,"d":"5.9"},{"v":50,"d":"50.0"},386.2]
["Gramas",50,0.2,{"v":4.53,"d":"4.5"},{"v":35,"d":"35.0"},226.6]
["Eucalipto",73,0.1,{"v":1.88,"d":"1.9"},19.3,137.4]
["Feijao",4,1.2,{"v":13.83,"d":"13.8"},{"v":40,"d":"40.0"},55.3]
["Girassol",2,{"v":14,"d":"14.0"},{"v":24.95,"d":"25.0"},35.9,49.9]
["Aveia",1,{"v":36,"d":"36.0"},{"v":36,"d":"36.0"},{"v":36,"d":"36.0"},{"v":36,"d":"36.0"}]
["Sorgo-forrageiro",1,{"v":33,"d":"33.0"},{"v":33,"d":"33.0"},{"v":33,"d":"33.0"},{"v":33,"d":"33.0"}]
["Coloniao",1,{"v":29,"d":"29.0"},{"v":29,"d":"29.0"},{"v":29,"d":"29.0"},{"v":29,"d":"29.0"}]
["Cafe",10,0.2,{"v":1.68,"d":"1.7"},4.6,16.8]
["Coco-da-baia",1,{"v":6,"d":"6.0"},{"v":6,"d":"6.0"},{"v":6,"d":"6.0"},{"v":6,"d":"6.0"}]
["Floricultura para corte",1,4.8,4.8,4.8,4.8]
["Alface",4,0.2,0.8,{"v":1,"d":"1.0"},3.2]
["Capim-napier (ou capim-elefante)",3,0.1,{"v":0.83,"d":"0.8"},{"v":2,"d":"2.0"},2.5]
["Arroz",3,0.2,{"v":0.73,"d":"0.7"},{"v":1,"d":"1.0"},2.2]
["Cebolinha",3,0.1,0.7,{"v":1,"d":"1.0"},2.1]
["Chicoria (ou chicoria-de-folha-crespa)",3,0.1,0.7,{"v":1,"d":"1.0"},2.1]
["Brocolos (ou brocolis)",2,{"v":1,"d":"1.0"},{"v":1,"d":"1.0"},{"v":1,"d":"1.0"},{"v":2,"d":"2.0"}]
["Berinjela",2,{"v":1,"d":"1.0"},{"v":1,"d":"1.0"},{"v":1,"d":"1.0"},{"v":2,"d":"2.0"}]
["Outras olericolas",2,0.1,{"v":0.55,"d":"0.6"},{"v":1,"d":"1.0"},1.1]
["Couve (ou couve-crespa)",1,{"v":1,"d":"1.0"},{"v":1,"d":"1.0"},{"v":1,"d":"1.0"},{"v":1,"d":"1.0"}]
["Cenoura",1,{"v":1,"d":"1.0"},{"v":1,"d":"1.0"},{"v":1,"d":"1.0"},{"v":1,"d":"1.0"}]
["Alho",1,0.2,0.2,0.2,0.2]
["Pepino",1,0.1,0.1,0.1,0.1]
["Fonte: Secretaria de Agricultura e Abastecimento, CDRS/IEA, Projeto LUPA."]